Les jours de la semaine en 15 secondes - Statistiques

Statistiques générales
  • Ce quiz a été pris 1 184 fois
  • Le résultat moyen est 6 sur 7
Statistiques - réponses
Réponse % Correct
Lundi
100%
Mardi
97%
Mercredi
92%
Jeudi
91%
Vendredi
86%
Samedi
83%
Dimanche
74%
Aucun quiz correspondant
Distribution des résultats
% des personnes avec chaque résultat
Percentile par nombre de réponses
Votre historique - résultats
Vous n’avez pas pris ce quiz